Качество - стратегия XXI века: материалы XIV Международной научно-практической конференции

গ্রন্থ-পঞ্জীর বিবরন
সংস্থা লেখক: Томский политехнический университет (ТПУ), Академия проблем качества России (АПК РФ) Томское отделение, Качество - стратегия XXI века международная научно-практическая конференция
সংক্ষিপ্ত:В сборнике представлены материалы XIV Международной научно-практической конференции «Качество - стратегия XXI века». Более 60 авторов из регионов Сибири, Урала, Казахстана представили тезисы своих докладов, в которых рассматриваются актуальные проблемы внедрения систем менеджмента, сертификации и лицензирования в сфере здравоохранения, экологического менеджмента, проблемы качества образования. Материалы предназначены для специалистов в области управления качеством и сертификации, преподавателей, аспирантов и студентов вузов, специалистов органов власти и местного самоуправления, а также для всех интересующихся проблемами качества.
ভাষা:রুশ
প্রকাশিত: Томск, Изд-во ТПУ, 2009
বিষয়গুলি:
বিন্যাস: MixedMaterials গ্রন্থ
KOHA link:https://koha.lib.tpu.ru/cgi-bin/koha/opac-detail.pl?biblionumber=191425

MARC

LEADER 00000nam0a2200000 4500
001 191425
005 20231101224343.0
035 |a (RuTPU)RU\TPU\book\208726 
090 |a 191425 
100 |a 20110204d2009 k y0rusy50 ca 
101 0 |a rus 
102 |a RU 
105 |a a z 101zy 
200 1 |a Качество - стратегия XXI века  |e материалы XIV Международной научно-практической конференции  |f Томский политехнический университет (ТПУ) ; Академия проблем качества России (АПК РФ), Томское отделение 
210 |a Томск  |c Изд-во ТПУ  |d 2009 
215 |a 223 с.  |c ил. 
320 |a Библиография в конце статей 
330 |a В сборнике представлены материалы XIV Международной научно-практической конференции «Качество - стратегия XXI века». Более 60 авторов из регионов Сибири, Урала, Казахстана представили тезисы своих докладов, в которых рассматриваются актуальные проблемы внедрения систем менеджмента, сертификации и лицензирования в сфере здравоохранения, экологического менеджмента, проблемы качества образования. Материалы предназначены для специалистов в области управления качеством и сертификации, преподавателей, аспирантов и студентов вузов, специалистов органов власти и местного самоуправления, а также для всех интересующихся проблемами качества. 
606 1 |a Менеджмент систем качества  |2 stltpush  |3 (RuTPU)RU\TPU\subj\27902  |9 51563 
610 1 |a качество 
610 1 |a продукция 
610 1 |a образование 
610 1 |a менеджмент качества 
610 1 |a организации 
610 1 |a качественные методы 
610 1 |a качественные показатели 
610 1 |a стратегии 
610 1 |a малый бизнес 
610 1 |a инновации 
610 1 |a образовательные учреждения 
610 1 |a здравоохранение 
610 1 |a сервисные услуги 
610 1 |a молодые ученые 
610 1 |a научные исследования 
610 1 |a медицинские исследования 
610 1 |a лучевая теория 
610 1 |a труды учёных ТПУ 
610 1 |a конференции 
675 |a 658.562(063)  |v 3 
712 0 2 |a Томский политехнический университет (ТПУ)  |c (1991-2009)  |2 stltpush  |3 (RuTPU)RU\TPU\col\376 
712 0 2 |a Академия проблем качества России (АПК РФ)  |b Томское отделение  |2 stltpush  |3 (RuTPU)RU\TPU\col\2069 
712 1 2 |a Качество - стратегия XXI века  |b международная научно-практическая конференция  |d 14  |e Томск  |f 2009 
801 1 |a RU  |b 63413507  |c 20110204 
801 2 |a RU  |b 63413507  |c 20140407  |g RCR 
942 |c BK